000 00658nam a22002177a 4500
005 20250409152214.0
010 _aENG-113960 ENG-144601
020 _c195.00
_a9789325960077
035 _aEN-97492
035 _aEN-128133
037 _bDBAD
_adpl
082 _a330.02462
100 _aBhatia, H.L.
_980544
245 _aEconomics for Engineers/
_cby H. L. Bhatia [and] S. N. Maheshwari
260 _aNoida
_bVikas Publishing House
_c2013
270 _aE-28, Sector-8
_bNoida
_e201301
300 _ax,251p.
_c22cm(pbk)
490 _aVikas-WBUT students' series
700 _aMaheshwari, S.N
_980545
942 _2ddc
_cEN
_mBHA
_h330.02462
999 _c96572
_d96572